Goście na albumach - Żabson - Statystyki

Ogólne statystyki
  • Ten quiz został rozwiązany 72 razy
  • Średni wynik to 22 z 40
Statystyki odpowiedzi
Artysta Album % Poprawnych
Young Leosia Ziomalski Mixtape
95%
Beteo Internaziomal
91%
Beteo Ziomalski Mixtape
91%
White 2115 TRAPOLLO
82%
White 2115 Internaziomal
82%
Mata Ziomalski Mixtape
80%
Quebonafide Passion Fruits
78%
Quebonafide To ziomal
78%
Białas Passion Fruits
76%
Białas To ziomal
76%
Kizo Ziomalski Mixtape
76%
Janusz Walczuk Ziomalski Mixtape
71%
Otsochodzi Internaziomal
71%
Borixon To ziomal
69%
Young Multi Internaziomal
69%
Duszyn Ziomalski Mixtape
64%
ZetHa Passion Fruits
62%
DZIARMA Internaziomal
60%
Sarius Ziomalski Mixtape
56%
Deemz Internaziomal
55%
Szpaku Internaziomal
55%
Sobel Ziomalski Mixtape
53%
Yzomandias Internaziomal
53%
Yzomandias Ziomalski Mixtape
53%
Young Slash To ziomal
47%
Lil Gotit Internaziomal
45%
Kaz Bałagane To ziomal
40%
Borucci Ziomalski Mixtape
38%
ADM Ziomalski Mixtape
36%
Benito TUZZA Ziomalski Mixtape
36%
Wac Toja NieKumam
35%
Monkey Internaziomal
33%
Vegas Jones Internaziomal
31%
Karlo Ziomalski Mixtape
29%
Chris Abolade Ziomalski Mixtape
24%
Simpson. To ziomal
24%
Kejos Passion Fruits
22%
Locomode Ziomalski Mixtape
20%
Lukel Passion Fruits
20%
Slim Szczegi NieKumam
16%
Nie znaleziono quizów pasujących do podanych kryteriów
Rozkład punktacji
Procent ludzi z każdym wynikiem
Percentyl według liczby udzielonych odpowiedzi
Twoja historia wyników
Nie rozwiązałeś tego quizu